[Event "Andalucia-ch Seniors"]
[Site "Huelva"]
[Date "2014.04.24"]
[Round "1.10"]
[White "Martin Galvez, Manuel"]
[Black "Aroca Lizana, Jose Maria"]
[Result "1-0"]
[WhiteElo "2015"]
[BlackElo "1463"]
[PlyCount "25"]
[EventDate "2014.04.24"]
[EventType "swiss"]
[EventRounds "6"]
[EventCountry "ESP"]
[SourceTitle "EXT 2024"]
[Source "ChessBase"]
[SourceDate "2023.10.10"]
[SourceVersion "1"]
[SourceVersionDate "2023.10.10"]
[SourceQuality "1"]

1. c4 e5 2. e3 Nf6 3. a3 c6 4. d3 d5 5. cxd5 Nxd5 6. Nf3 Bg4 7. Be2 Nd7 8. Nbd2 Bc5 9. Nc4 0-0 10. Qc2 Bb6 11. 0-0 Bxf3 12. Bxf3 N7f6 13. b3 1-0

[Event "Andalucia-ch Seniors 1112"]
[Site "Huelva"]
[Date "2012.04.12"]
[Round "1"]
[White "Aroca Lizana, Jose Maria"]
[Black "Gonzalez Lopez, Jose Antonio"]
[Result "0-1"]
[WhiteElo "1459"]
[BlackElo "1796"]
[PlyCount "100"]
[EventDate "2012.04.12"]
[EventType "swiss"]
[EventRounds "6"]
[EventCountry "ESP"]
[SourceTitle "EXT 2013"]
[Source "ChessBase"]
[SourceDate "2012.11.22"]
[SourceVersion "1"]
[SourceVersionDate "2012.11.22"]
[SourceQuality "1"]

1. e4 e6 2. d4 d5 3. exd5 exd5 4. a3 Bd6 5. Nc3 c6 6. Nf3 Bg4 7. Be2 Ne7 8. 0-0 0-0 9. Re1 Nd7 10. Bg5 f6 11. Bh4 Nf5 12. Bg3 Nxg3 13. fxg3 Re8 14. Qd3 Nf8 15. Bf1 Ne6 16. Re2 Bh5 17. Rae1 Bg6 18. Qd2 Bf7 19. g4 Qb6 20. b4 Qc7 21. g3 h6 22. Bh3 Ng5 23. Rxe8+ Rxe8 24. Rxe8+ Bxe8 25. Nxg5 hxg5 26. Qe2 Qe7 27. Kf2 Bg6 28. Qd2 a5 29. Ne2 axb4 30. axb4 Bxb4 31. c3 Bd6 32. Nc1 Qe4 33. Qe3 Ba3 34. Qxe4 Bxe4 35. Ne2 Bb2 36. Ke3 Bg6 37. Kd2 Kf7 38. Bf1 Ba3 39. Nc1 Bd6 40. Ke3 Ke7 41. Bd3 Be8 42. c4 dxc4 43. Bxc4 Bd7 44. Bd3 Bxg4 45. Ne2 Be6 46. Nc3 b5 47. Be4 Bd7 48. d5 c5 49. Bd3 b4 50. Bc2 c4 0-1

[Event "Andalucia-ch Seniors"]
[Site "Almeria"]
[Date "2011.04.19"]
[Round "4.7"]
[White "Aroca Lizana, Jose Maria"]
[Black "Claros Martin, Jose Manuel"]
[Result "0-1"]
[WhiteElo "1468"]
[BlackElo "1573"]
[PlyCount "114"]
[EventDate "2011.04.17"]
[EventType "swiss"]
[EventRounds "6"]
[EventCountry "ESP"]
[SourceTitle "EXT 2024"]
[Source "ChessBase"]
[SourceDate "2023.10.10"]
[SourceVersion "1"]
[SourceVersionDate "2023.10.10"]
[SourceQuality "1"]

1. d4 d5 2. Nf3 e6 3. a3 Bd6 4. Nc3 h6 5. e4 c6 6. exd5 cxd5 7. Bd3 f5 8. 0-0 Nf6 9. Re1 Ne4 10. Bxe4 dxe4 11. Nd2 0-0 12. Nc4 a6 13. Nxd6 Qxd6 14. d5 e5 15. Re3 Nd7 16. f3 exf3 17. Rxf3 Nf6 18. h3 f4 19. Kh1 Bf5 20. b4 Ne4 21. Bb2 Ng3+ 22. Kg1 e4 23. Rxg3 fxg3 24. Qd4 Qf6 25. Ne2 Qxd4+ 26. Bxd4 Rac8 27. c3 Rfd8 28. Nxg3 Bg6 29. Re1 Rxd5 30. Nxe4 Re8 31. Nf6+ gxf6 32. Rxe8+ Bxe8 33. Bxf6 Kf7 34. Bd4 Rf5 35. g3 b5 36. g4 Rf3 37. Kh2 Bd7 38. Kg2 Bc6 39. Kh2 Kg6 40. Be5 h5 41. gxh5+ Kxh5 42. Bd4 Kh4 43. Be5 Rxh3+ 44. Kg1 Rh1+ 45. Kf2 Ra1 46. Ke3 Rxa3 47. Kd4 Kg4 48. Kc5 Bg2 49. c4 Kf5 50. Bh8 Bf1 51. cxb5 axb5 52. Bd4 Ke4 53. Bg1 Kd3 54. Kd6 Kc3 55. Bc5 Ra4 56. Ke5 Rxb4 57. Ke6 Rb1 0-1

[Event "Andalucia-ch Seniors"]
[Site "Almeria"]
[Date "2011.04.18"]
[Round "3.5"]
[White "Maldonado Fernandez, Jose"]
[Black "Aroca Lizana, Jose Maria"]
[Result "1-0"]
[WhiteElo "1876"]
[BlackElo "1468"]
[PlyCount "86"]
[EventDate "2011.04.17"]
[EventType "swiss"]
[EventRounds "6"]
[EventCountry "ESP"]
[SourceTitle "EXT 2024"]
[Source "ChessBase"]
[SourceDate "2023.10.10"]
[SourceVersion "1"]
[SourceVersionDate "2023.10.10"]
[SourceQuality "1"]

1. e4 e5 2. Nf3 Nc6 3. d4 exd4 4. Nxd4 Qf6 5. Be3 Bc5 6. c3 Nge7 7. Bc4 0-0 8. 0-0 Ne5 9. Be2 a6 10. Nd2 N7g6 11. f4 Nc6 12. N2b3 Bb6 13. Qd3 d6 14. g3 Be6 15. Nxc6 Bxe3+ 16. Qxe3 Bxb3 17. Nd4 Ba4 18. b3 Bd7 19. Bf3 Rab8 20. Rac1 c5 21. Ne2 Bc6 22. c4 Rfe8 23. Nc3 Qe7 24. Qd3 b5 25. Rcd1 Red8 26. Rfe1 b4 27. Nd5 Bxd5 28. Qxd5 Qc7 29. Rd2 Ne7 30. Qg5 Nc6 31. Bg2 Nd4 32. f5 f6 33. Qf4 Re8 34. g4 Re5 35. Red1 Qb6 36. g5 Rbe8 37. gxf6 gxf6 38. Qh6 R8e7 39. Qxf6 Rg7 40. Kh1 Kh8 41. Rd3 Kg8 42. Rh3 Qc6 43. Rh6 Rxg2 1-0